[Event "EU-ch Amateur U2000"]
[Site "Zagreb"]
[Date "2022.08.15"]
[Round "2"]
[White "Horcicka, Jan"]
[Black "Miskovic, Stevo"]
[Result "1-0"]
[WhiteElo "1769"]
[BlackElo "1871"]
[PlyCount "75"]
[EventDate "2022.08.14"]
[EventType "swiss"]
[EventRounds "9"]
[EventCountry "CRO"]
[SourceTitle "CBM 210 Extra"]
[Source "ChessBase"]
[SourceDate "2022.11.30"]
[SourceVersion "1"]
[SourceVersionDate "2022.11.30"]
[SourceQuality "1"]

1. e4 c5 2. Nf3 d6 3. d4 cxd4 4. Nxd4 Nf6 5. Nc3 a6 6. Be3 b5 7. f3 h5 8. Nb3 Bb7 9. a4 b4 10. Nd5 Nbd7 11. Nxb4 e6 12. Na2 d5 13. exd5 Nxd5 14. Bd2 a5 15. c4 Nb4 16. Nxb4 axb4 17. Be2 h4 18. c5 h3 19. g3 Ne5 20. Bxb4 Qxd1+ 21. Rxd1 Nxf3+ 22. Kf2 Ne5 23. Rhe1 f6 24. Bb5+ Kf7 25. Rxe5 fxe5 26. Rd7+ Kf6 27. Rxb7 Be7 28. Nd2 Rhf8 29. Ke3 Rf7 30. Ne4+ Kg6 31. Nd6 Bg5+ 32. Ke2 Rff8 33. c6 Bc1 34. b3 Bb2 35. Bd3+ Kh5 36. Rxg7 Rh8 37. Nf7 Bc1 38. g4+ 1-0

[Event "CRO-chT4A Center"]
[Site "Zagreb"]
[Date "2010.04.11"]
[Round "3.12"]
[White "Miskovic, Stevo"]
[Black "Dadic, Ivan"]
[Result "0-1"]
[WhiteElo "1934"]
[BlackElo "2074"]
[PlyCount "55"]
[EventDate "2010.03.21"]
[EventType "team-tourn"]
[EventRounds "11"]
[EventCountry "CRO"]
[SourceTitle "EXT 2012"]
[Source "ChessBase"]
[SourceDate "2011.11.24"]
[SourceVersion "1"]
[SourceVersionDate "2011.11.24"]
[SourceQuality "1"]

1. e4 e5 2. Nf3 Nc6 3. Bc4 Be7 4. 0-0 Nf6 5. d3 0-0 6. c3 d6 7. h3 Bd7 8. b4 a6 9. Re1 Qc8 10. Nbd2 Be6 11. Bb3 Bxb3 12. Qxb3 Nh5 13. Nf1 Qe6 14. c4 f5 15. exf5 Rxf5 16. d4 Qg6 17. N1h2 Raf8 18. d5 e4 19. dxc6 exf3 20. g4 Bf6 21. Rb1 bxc6 22. Re6 Nf4 23. Bxf4 Rxf4 24. Rbe1 Qh6 25. c5 d5 26. R1e3 Qxh3 27. Rxf3 Rxg4+ 28. Kh1 0-1